Beginning JavaServer pages /
保存先:
| その他の著者: | |
|---|---|
| フォーマット: | Sách giấy |
| 出版事項: |
Hoboken, NJ :
Wiley,
c2005.
|
| 主題: | |
| オンライン・アクセス: | Table of contents only Contributor biographical information Publisher description |
| タグ: |
タグ追加
タグなし, このレコードへの初めてのタグを付けませんか!
|
| Thư viện lưu trữ: | Thư viện Trường Đại học Đà Lạt |
|---|
| LEADER | 01200nam a2200385 4500 | ||
|---|---|---|---|
| 001 | DLU110127156 | ||
| 005 | ##20111026 | ||
| 008 | ##041018s2005 njua 001 0 eng | ||
| 010 | # | # | |a 2004024591 |
| 020 | # | # | |a 076457485X (paper/website) |
| 040 | # | # | |a DLC |c DLC |d DLC |
| 042 | # | # | |a pcc |
| 082 | # | # | |a 006.76 |b Beg |
| 245 | # | # | |a Beginning JavaServer pages / |c Vivek Chopra ... [et al.]. |
| 260 | # | # | |a Hoboken, NJ : |b Wiley, |c c2005. |
| 300 | # | # | |a 426 p. : |b ill. ; |c 30 cm. |
| 500 | # | # | |a Includes index. |
| 630 | # | # | |a JavaServer pages. |
| 650 | # | # | |a Web site development. |
| 650 | # | # | |a Web sites |x Design. |
| 700 | # | # | |a Chopra, Vivek. |
| 856 | # | # | |3 Table of contents only |u http://www.loc.gov/catdir/toc/ecip052/2004024591.html |
| 856 | # | # | |3 Contributor biographical information |u http://www.loc.gov/catdir/enhancements/fy0617/2004024591-b.html |
| 856 | # | # | |3 Publisher description |u http://www.loc.gov/catdir/enhancements/fy0617/2004024591-d.html |
| 923 | # | # | |a 01/2011CT |
| 991 | # | # | |a GT |
| 992 | # | # | |a 0 |
| 994 | # | # | |a KCT |
| 900 | # | # | |a True |
| 911 | # | # | |a Đào Thị Thu Huyền |
| 925 | # | # | |a G |
| 926 | # | # | |a A |
| 927 | # | # | |a SH |
| 980 | # | # | |a Thư viện Trường Đại học Đà Lạt |


